00684nam a2200193 a 450000100100000000500170001000800410002704000250006810000270009324500490012025000240016926000800019330000210027350000250029450000190031950400300033895201050036899900170047300003948620201002031656.0130703s2006 dr 000 0 spa d aDO-SdBNPbspacBNPHU1 aReyes H., Pedro96567110aMatemática universitaria I /cPedro Reyes. a2a ed. corr. y amp. aSanto Domingo :bUniversidad Tecnológica de Santo Domingo (UTESA),c2006. a159 p. ;c23 cm. aIncluye cronología aIncluye anexos aBibliografía : p. 17-18 0010718PDaPDbPDcCTd2013-07-03iLF1l0o p39486-10r2020-06-25w2020-06-25yLFPDZNo se presta c38976d38976